| 000 | 01275nam a2200313 a 4500 | ||
|---|---|---|---|
| 001 | 37415 | ||
| 003 | BD-RjUL | ||
| 005 | 20211209052616.0 | ||
| 008 | 120531s2014 paua b 001 0 eng | ||
| 020 | _a9781451144475 (alk. paper) | ||
| 035 |
_a(DNLM)101585375 _a(BD-RjUL)37519 |
||
| 040 |
_aDNLM/DLC _cDLC _dDLC _dBD-RjUL _beng |
||
| 041 | _aeng | ||
| 060 | 1 | 0 | _aWA 950 |
| 082 | 0 | 0 |
_a614.4 _223 _bFLC 2014 |
| 100 | 1 |
_aFletcher, Robert H. _9114828 |
|
| 245 | 1 | 0 |
_aClinical epidemiology : _bthe essentials / _cRobert H. Fletcher, Suzanne W. Fletcher, Grant S. Fletcher. |
| 250 | _a5th ed. | ||
| 260 |
_aPhiladelphia : _bWolters Kluwer/Lippincott Williams & Wilkins Health, _cc2014. |
||
| 300 |
_a253 p. : _bcol. ill. ; _c26 cm. |
||
| 504 | _aIncludes bibliographical references (p. 249-250) and index. | ||
| 505 | 0 | _aFrequency -- Abnormality -- Risk : basic principles -- Risk : exposure to disease -- Risk : disease to exposure -- Prognosis -- Diagnosis -- Treatment -- Prevention -- Chance -- Cause -- Summarizing the evidence -- Knowledge management. | |
| 650 | 1 | 2 |
_aEpidemiologic Methods. _9114777 |
| 700 | 1 |
_aFletcher, Suzanne W. _9114829 |
|
| 700 | 1 |
_aFletcher, Grant S. _9114830 |
|
| 942 |
_2ddc _cBK |
||
| 999 |
_c37415 _d37415 |
||